000 00442nam a2200193Ia 4500
003 0100
008 130303s9999 xx 000 0 und d
040 _cARRUPELIB
050 _aLB695.M235
100 _aMann, Horace
245 4 _aThe republic and the school
245 _bthe education of free men
260 _aNY
260 _bColumbia UP
260 _C1957
300 _a112p
700 _aed. by Lawrence A. Cremin
942 0 0 _03
999 _c50479
_d50479